000 00699nam a2200229 a 4500
999 _c12214
_d12214
001 12214
003 BD-JhCC
005 20230202134025.0
008 210420b20012018bg |||| ||a| 000 0 ben d
020 _a9844950498
035 _a(BD-JhCC)12214
040 _aBD-JhCC
_dBD-JhCC
041 _abengali
082 _a891.443
_bAHM 2018
100 _aআহমেদ, হুমায়ুন
245 _aবৃষ্টি ও মেঘমালা /
_cহুমায়ুন আহমেদ ।
260 _aঢাকা:
_bপার্ল পাবলিকেশন;
_c২০১৮.
300 _a118 p. :
_c22 cm.
650 _aBengali Novel.
942 _2ddc
_cBK
_013